MARC details
| 000 -LEADER |
| fixed length control field |
00984nam a2200265 a 4500 |
| 003 - CONTROL NUMBER IDENTIFIER |
| control field |
CBULib |
| 005 - DATE AND TIME OF LATEST TRANSACTION |
| control field |
20240417133930.0 |
| 008 - FIXED-LENGTH DATA ELEMENTS--GENERAL INFORMATION |
| fixed length control field |
151126s2015 ||||||||||||||||| || u |
| 040 ## - CATALOGING SOURCE |
| Original cataloging agency |
CBULib |
| Language of cataloging |
English |
| Transcribing agency |
CBULib |
| Description conventions |
rda |
| 050 ## - LIBRARY OF CONGRESS CALL NUMBER |
| Classification number |
UNCTAD(058)BCLP/2015 |
| 110 ## - MAIN ENTRY--CORPORATE NAME |
| Corporate name or jurisdiction name as entry element |
United Nations Conference on Trade and Development (UNCTAD) |
| 245 10 - TITLE STATEMENT |
| Title |
Bipartite voluntary peer review of competition law and policy |
| Statement of responsibility, etc |
/ by United Nations Conference on Trade and Development (UNCTAD) |
| 260 ## - PUBLICATION, DISTRIBUTION, ETC. (IMPRINT) |
| Place of publication, distribution, etc |
New York : |
| Name of publisher, distributor, etc |
United Nations, |
| Date of publication, distribution, etc |
2015 |
| 300 ## - PHYSICAL DESCRIPTION |
| Extent |
90 pages : illustrations |
| 336 ## - CONTENT TYPE |
| Source |
rdacontent |
| Content type term |
Text | |
| Content type code |
txt |
| 337 ## - MEDIA TYPE |
| Source |
rdamedia |
| Media type term |
Unmediated | |
| Media type code |
n |
| 338 ## - CARRIER TYPE |
| Source |
rdacarrier |
| Carrier type term |
Volume |
| Carrier type code |
nc |
| 500 ## - GENERAL NOTE |
| General note |
Bibliography |
| 650 ## - SUBJECT ADDED ENTRY--TOPICAL TERM |
| Topical term or geographic name as entry element |
COMPETITION LAW AND POLICY--FIJI |
| 650 #0 - SUBJECT ADDED ENTRY--TOPICAL TERM |
| Topical term or geographic name as entry element |
INTERNATIONAL ECONOMIC RELATIONS--HANDBOOKS, MANUALS, E.T.C |
| 650 #0 - SUBJECT ADDED ENTRY--TOPICAL TERM |
| Topical term or geographic name as entry element |
COMPETITION --GOVERNMENT POLICY -- SEYCHELLES |
| 650 ## - SUBJECT ADDED ENTRY--TOPICAL TERM |
| Topical term or geographic name as entry element |
TRADE POLICY--PAPUA NEW GUINEA |
| 650 #0 - SUBJECT ADDED ENTRY--TOPICAL TERM |
| Topical term or geographic name as entry element |
COMMERCE |
| 942 ## - ADDED ENTRY ELEMENTS (KOHA) |
| Source of classification or shelving scheme |
|
| Koha item type |
INTERNATIONAL PUBLICATIONS |